<?xml version="1.0" encoding="UTF-8"?>
<record
    xmlns:xsi="http://www.w3.org/2001/XMLSchema-instance"
    xsi:schemaLocation="http://www.loc.gov/MARC21/slim http://www.loc.gov/standards/marcxml/schema/MARC21slim.xsd"
    xmlns="http://www.loc.gov/MARC21/slim">

  <leader>00941nam a2200277 i 4500</leader>
  <controlfield tag="003">DO-SdBNP</controlfield>
  <controlfield tag="005">20250602102059.0</controlfield>
  <controlfield tag="007">ta</controlfield>
  <controlfield tag="008">250602b2024    dr ||||| |||| 00| 0 spa d</controlfield>
  <datafield tag="020" ind1=" " ind2=" ">
    <subfield code="a">9789945509502</subfield>
  </datafield>
  <datafield tag="040" ind1=" " ind2=" ">
    <subfield code="a">DO-SdBNP</subfield>
    <subfield code="b">spa</subfield>
    <subfield code="c">BNPHU</subfield>
    <subfield code="e">rda</subfield>
  </datafield>
  <datafield tag="082" ind1=" " ind2=" ">
    <subfield code="a">xxx</subfield>
    <subfield code="b">L925</subfield>
    <subfield code="2">22</subfield>
  </datafield>
  <datafield tag="100" ind1="1" ind2=" ">
    <subfield code="a">Lozano, Wilfredo</subfield>
    <subfield code="d">1950-</subfield>
    <subfield code="e">autor</subfield>
    <subfield code="4">aut.</subfield>
    <subfield code="9">7126</subfield>
  </datafield>
  <datafield tag="245" ind1="1" ind2="0">
    <subfield code="a">Socialdemocracia y acci&#xF3;n de masas :</subfield>
    <subfield code="b">Pe&#xF1;a G&#xF3;mez en la construcci&#xF3;n de la democracia dominicana /</subfield>
    <subfield code="c">Wilfredo Lozano</subfield>
  </datafield>
  <datafield tag="264" ind1=" " ind2="1">
    <subfield code="a">Santo Domingo :</subfield>
    <subfield code="b">Fundaci&#xF3;n Friedrich Ebert Stiftung, </subfield>
    <subfield code="c">2024.</subfield>
  </datafield>
  <datafield tag="300" ind1=" " ind2=" ">
    <subfield code="a">19 p&#xE1;ginas :</subfield>
    <subfield code="c">30 cm. </subfield>
  </datafield>
  <datafield tag="336" ind1=" " ind2=" ">
    <subfield code="a">texto</subfield>
    <subfield code="b">txt</subfield>
    <subfield code="2">rdacontent</subfield>
  </datafield>
  <datafield tag="337" ind1=" " ind2=" ">
    <subfield code="a">sin mediaci&#xF3;n</subfield>
    <subfield code="b">n</subfield>
    <subfield code="2">rdamedia</subfield>
  </datafield>
  <datafield tag="338" ind1=" " ind2=" ">
    <subfield code="a">volumen</subfield>
    <subfield code="b">nc</subfield>
    <subfield code="2">rdacarrier</subfield>
  </datafield>
  <datafield tag="490" ind1="1" ind2=" ">
    <subfield code="a">Democracia y derechos humanos</subfield>
  </datafield>
  <datafield tag="490" ind1="1" ind2=" ">
    <subfield code="a">Analisis</subfield>
  </datafield>
  <datafield tag="500" ind1=" " ind2=" ">
    <subfield code="a">Incluye datos biograf&#xED;cos del autor en la p&#xE1;gina 21.</subfield>
  </datafield>
  <datafield tag="590" ind1=" " ind2=" ">
    <subfield code="a">Inventariado, 2025/ YL</subfield>
  </datafield>
  <datafield tag="910" ind1=" " ind2=" ">
    <subfield code="a">YLockward</subfield>
  </datafield>
  <datafield tag="942" ind1=" " ind2=" ">
    <subfield code="2">ddc</subfield>
    <subfield code="c">LF2</subfield>
  </datafield>
  <datafield tag="952" ind1=" " ind2=" ">
    <subfield code="0">0</subfield>
    <subfield code="1">0</subfield>
    <subfield code="2">ddc</subfield>
    <subfield code="5">1</subfield>
    <subfield code="7">0</subfield>
    <subfield code="8">PD-F</subfield>
    <subfield code="a">BNPHU</subfield>
    <subfield code="b">BNPHU</subfield>
    <subfield code="c">CT</subfield>
    <subfield code="d">2025-02-03</subfield>
    <subfield code="e">Dep&#xF3;sito Legal</subfield>
    <subfield code="l">0</subfield>
    <subfield code="o">BNPHU F-PD xxx L925</subfield>
    <subfield code="p">2025-1933</subfield>
    <subfield code="r">2025-03-17</subfield>
    <subfield code="w">2025-03-17</subfield>
    <subfield code="y">LF2</subfield>
  </datafield>
  <datafield tag="952" ind1=" " ind2=" ">
    <subfield code="0">0</subfield>
    <subfield code="1">0</subfield>
    <subfield code="2">ddc</subfield>
    <subfield code="5">1</subfield>
    <subfield code="7">0</subfield>
    <subfield code="8">PD-F</subfield>
    <subfield code="a">BNPHU</subfield>
    <subfield code="b">BNPHU</subfield>
    <subfield code="c">CT</subfield>
    <subfield code="d">2025-02-03</subfield>
    <subfield code="e">Dep&#xF3;sito Legal</subfield>
    <subfield code="l">0</subfield>
    <subfield code="o">BNPHU F-PD xxx L925</subfield>
    <subfield code="p">2025-1934</subfield>
    <subfield code="r">2025-03-17</subfield>
    <subfield code="t">e.2</subfield>
    <subfield code="w">2025-03-17</subfield>
    <subfield code="y">LF2</subfield>
  </datafield>
  <datafield tag="952" ind1=" " ind2=" ">
    <subfield code="0">0</subfield>
    <subfield code="1">0</subfield>
    <subfield code="2">ddc</subfield>
    <subfield code="5">6</subfield>
    <subfield code="7">0</subfield>
    <subfield code="8">DS</subfield>
    <subfield code="a">BNPHU</subfield>
    <subfield code="b">BNPHU</subfield>
    <subfield code="c">CT</subfield>
    <subfield code="d">2025-02-03</subfield>
    <subfield code="e">Dep&#xF3;sito Legal</subfield>
    <subfield code="l">0</subfield>
    <subfield code="o">BNPHU F-DS xxx L925</subfield>
    <subfield code="p">2025-1935</subfield>
    <subfield code="r">2025-03-17</subfield>
    <subfield code="t">e.3</subfield>
    <subfield code="w">2025-03-17</subfield>
    <subfield code="y">LF2</subfield>
  </datafield>
  <datafield tag="999" ind1=" " ind2=" ">
    <subfield code="c">58446</subfield>
    <subfield code="d">58446</subfield>
  </datafield>
</record>
